Music Quiz

Random Music or Clickable Quiz
Score 0/55 Timer 06:00
0 Plays Today
% Correct
Wonderwall
90.9%
Black Hole Sun
90.3%
Champagne Supernova
89.4%
Loser
87.1%
Everlong
87%
Learn to Fly
86.6%
Monkey Wrench
84.5%
Killing In the Name
83%
Interstate Love Song
82.9%
My Hero
82.6%
Don't Look Back in Anger
81.4%
Plush
79.5%
Bulls On Parade
79.4%
Spoonman
76.2%
Vasoline
74.8%
Big Me
73.8%
Guerilla Radio
73.4%
Fell On Black Days
73.2%
Sex Type Thing
73%
Runaway Train
72%
Devil's Haircut
71.4%
Closer
69.6%
Big Empty
68.2%
Creep
68.1%
Father of Mine
67%
Santa Monica
66.7%
Where It's At
65.5%
Big Bang Baby
62.5%
% Correct
Dead & Bloated
62%
Rusty Cage
61.4%
This is a Call
61.2%
Wicked Garden
61.1%
Outshined
59.1%
Live Forever
58.8%
Supersonic
58%
Burden in My Hand
57.7%
I'll Stick Around
56.8%
The New Pollution
56.8%
Lady Picture Show
55.1%
Breakout
55%
The Day I Tried to Live
54.6%
Pretty Noose
54.3%
D'You Know What I Mean?
53.4%
Everything to Everyone
50.7%
Ruby Soho
49.6%
Don't Go Away
48.5%
Sexx Laws
44.6%
Stacked Actors
42.3%
Heroin Girl
42%
Freedom
40.6%
Black Gold
39.3%
Misery
36.9%
Heartspark Dollarsign
31.3%
Salvation
24.1%
Nobody's Fault but My Own
20.9%
Remove Ads.
Support Sporcle.
Get the best of Sporcle when you Go Orange. This ad-free experience offers more features, more stats, and more fun while also helping to support Sporcle. Thank you for becoming a member.

You're not logged in!

Compare scores with friends on all Sporcle quizzes.
OR
Log In

Show Comments

Extras

Top Quizzes Today


Score Distribution

Your Account Isn't Verified!

In order to create a playlist on Sporcle, you need to verify the email address you used during registration. Go to your Sporcle Settings to finish the process.

Report this User

Report this user for behavior that violates our Community Guidelines.

Details: